| 000 | 00434cam a2200181 a 4500 | ||
|---|---|---|---|
| 020 | _a4805301619 | ||
| 020 | _a9784805301616 | ||
| 040 | _cDLC | ||
| 041 | 1 | _hjpn | |
| 082 | 0 | 0 | _a895 NAT 1957 A094 Or. |
| 100 | 1 | _aNatsume, S¿seki, | |
| 245 | 1 | 0 |
_aKokoro : _ba novel / |
| 250 | _a[First Tuttle edition] | ||
| 300 |
_avi, 248 pages ; _c19 cm |
||
| 490 | 1 | _aLibrary of Japanese literature | |
| 650 | 0 | _aFriendship | |
| 942 | _cEK | ||
| 999 |
_c12940 _d12940 |
||